000 01575cam a2200397 a 4500
999 _c531732
_d531732
001 16953291
003 NUST
005 20191024143436.0
008 110909s2012 dcuab b 001 0 eng
010 _a 2011036255
020 _a9781597269612 (cloth : alk. paper)
020 _a1597269611 (cloth : alk. paper)
020 _a9781597269629 (pbk. : alk. paper)
020 _a159726962X (pbk. : alk. paper)
035 _a(OCoLC)ocn702327609
038 _aMSOHAIL
040 _aDLC
_cDLC
_dYDX
_dYDXCP
_dOIP
_dBWX
_dCDX
_dDLC
050 0 0 _aQC903
_b.B67 2012
082 0 0 _a363.738746
_223
100 1 _aBoswell, Michael R.
_924714
245 1 0 _aLocal climate action planning /
_cMichael R. Boswell, Adrienne I. Greve, and Tammy L. Seale ; images by Dina Perkins.
260 _aWashington, DC :
_bIsland Press,
_cc2012.
300 _axiii, 284 p. :
_bill., maps ;
_c24 cm.
504 _aIncludes bibliographical references and index.
650 0 _aClimate change mitigation
_xPlanning.
_924715
650 0 _aClimate change mitigation
_xGovernment policy.
_924716
650 0 _aGreenhouse gas mitigation
_xPlanning.
_924717
650 0 _aGreenhouse gas mitigation
_xGovernment policy.
_924718
650 0 _aCommunication in the environmental sciences.
_924719
650 0 _aCommunication in social action.
_924720
700 1 _aGreve, Adrienne I.
_924721
700 1 _aSeale, Tammy L.
_924722
906 _a7
_bcbc
_corignew
_d1
_eecip
_f20
_gy-gencatlg
942 _2ddc
_cBK